Представление документа в формате MARC21

Поле Инд. ПП Название Значение
Тип записи a
Библиографический уровень m
001 Контрольный номер 11c25e041f6f4c2fbde56c08cbf1b05a
005 Дата корректировки 20211123110339.4
008 Кодируемые данные 080728
020 a ISBN 978-5-9624-0170-6
c Цена, тираж 120.00
040 a Служба первич. каталог. НБ ТвГУ
041 0_ a Код языка текста rus
080 a Индекс УДК 81
084 a Индекс другой классификации/Индекс ББК Ш100.11
090 x Авторский знак М21
a Полочн. индекс Ш100.1
100 1_ a Автор Мальчукова Нина Валерьевна
245 00 a Заглавие Природа эфективности языковой коммуникации
c Ответственность Н. В. Мальчукова
260 0_ a Место издания Иркутск
b Издательство Иркут. гос. ун-т
c Дата издания 2007
300 a Объем 135 с.
504 a Библиография Библиогр.: с. 119-135.
583 a Действие Получение впервые 219 06.10.2008
k Исполнитель действия Обмен
650 04 a Основная рубрика Языкознание
650 04 a Основная рубрика Коммуникативная функция языка
653 0_ a Ключевые слова Языкознание
a Ключевые слова Языковая коммуникация
a Ключевые слова Коммуникативная функция языка
852 41 t Порядковый номер экземпляра 1
p Инвентарный номер 920024
863 t 00232665
888 a Бесплатные
901 t Тип документа m
952 p 219.2008 120.00 1 920024
c Вид литературы К рн
954 a Дата поступления на обработку 20090128
999 a Подразделение 2 ч.з.